000 00698cab a22002055a 4500
001 L147653
008 090603e20090529xxk f 000 0 eng d
035 _a(Sirsi) u147653
041 0 _aeng
100 1 _aLever, Jon
245 0 0 _aAPC advice
260 _c2009
490 0 _aProperty Week
_v75(22) 29 May 2009, 40(1)
520 _aGives advice on how to perfect the presentation which is a crucial part of the final assessment. Ben Elder looks at the corporate real estate management competency.
590 _aKA
651 4 _aUnited Kingdom
_y
690 _aCAREERS, EDUCATION AND TRAINING-QUALIFICATION ROUTES-ASSESSMENT OF PROFESSIONAL COMPETENCE
700 1 _aElder, Ben
942 _n0
999 _c81598
_d81598